CRITICAL THINKING : UNDERSTANDING & EVALUATING DENTAL RESEARCH (Record no. 4409)

MARC details
000 -LEADER
fixed length control field 00418nam a2200145Ia 4500
008 - FIXED-LENGTH DATA ELEMENTS--GENERAL INFORMATION
fixed length control field 150201s2007 xx 000 0 und d
082 ## - DEWEY DECIMAL CLASSIFICATION NUMBER
Classification number 617.6027
Item number C2007B
100 ## - MAIN ENTRY--PERSONAL NAME
Personal name BRUNETTE
245 ## - TITLE STATEMENT
Title CRITICAL THINKING : UNDERSTANDING & EVALUATING DENTAL RESEARCH
250 ## - EDITION STATEMENT
Edition statement 1ST
260 ## - PUBLICATION, DISTRIBUTION, ETC. (IMPRINT)
Name of publisher, distributor, etc. QUINTESSENCE PUBLICATION
Place of publication, distribution, etc. CHICAGO
Date of publication, distribution, etc. 2007
300 ## - PHYSICAL DESCRIPTION
Extent 1-312
650 ## - SUBJECT ADDED ENTRY--TOPICAL TERM
Topical term or geographic name as entry element CONSERVATIVE DENTISTRY & ENDODONTICS
942 ## - ADDED ENTRY ELEMENTS (KOHA)
Source of classification or shelving scheme Dewey Decimal Classification
Koha item type Books
Holdings
Withdrawn status Lost status Source of classification or shelving scheme Damaged status Not for loan Home library Current library Date acquired Source of acquisition Cost, normal purchase price Serial Enumeration / chronology SGTU Bill Number Total Checkouts Full call number Barcode Date last seen Bill Date Koha item type
    Dewey Decimal Classification     SGT Dental Library SGT Dental Library 12/11/2009 PASSI PUBLICATION 2361.00 1 SGTU AAACP0937E   617.6027 C2007B FD5986 09/02/2015 07/03/2013 Books